000 00740nam a2200229 i 4500
001 114826
003 ES-MaACL
005 20251204115453.0
007 t|
008 070402s1931 sp |||| | spa d
100 0 _aHildegart,
_d1914-1933
_963684
245 1 0 _aLa rebeldía sexual de la juventud /
_cHildegart [seud.].
250 _a1ª ed.
260 _aMadrid :
_bMorata,
_c1931.
300 _a336 p. ;
_c19 cm.
530 _aDisponible en formato digital.
650 4 _aJóvenes-
_xConducta sexual.
_9166521
852 _aES-MaACL
_jA-402
_cSPP1
856 4 _uhttps://bnedigital.bne.es/bd/es/viewer?id=bc445186-a16c-4edc-a17b-692e3c2f7deb
_y(Biblioteca Digital Hispánica)
942 _2udc
999 _c114826
_d114826